New patterns of management (Record no. 78786)

MARC details
000 -LEADER
fixed length control field 01008nam a2200193 a 4500
008 - FIXED-LENGTH DATA ELEMENTS--GENERAL INFORMATION
fixed length control field 080109s1961 ||||||||||||||||| || u
050 ## - LIBRARY OF CONGRESS CALL NUMBER
Classification number HD 31 Lik
100 ## - MAIN ENTRY--PERSONAL NAME
Personal name Likert, Rensis
245 10 - TITLE STATEMENT
Title New patterns of management
260 ## - PUBLICATION, DISTRIBUTION, ETC.
Place of publication, distribution, etc. New York
Name of publisher, distributor, etc. McGraw-Hill
Date of publication, distribution, etc. 1961
300 ## - PHYSICAL DESCRIPTION
Extent vii, 279p. : ill.
350 ## -
-- 0.00
650 #0 - SUBJECT ADDED ENTRY--TOPICAL TERM
Topical term or geographic name entry element MANAGEMENT
650 ## - SUBJECT ADDED ENTRY--TOPICAL TERM
Topical term or geographic name entry element MANAGEMENT PATTERNS
995 ## -
-- ANNEX COLLECTION (Main Library)
-- 0.00
-- 700192
-- CBU-MAIN LIBRARY (Kitwe)
-- 4
-- 0.00
-- HD 31 Lik
-- 2
-- AVAILABLE
-- 003328
-- Annex Low-Usage Collection
995 ## -
-- MAIN LIBRARY OPEN ACCESS
-- 0.00
-- 702659
-- CBU-MAIN LIBRARY (Kitwe)
-- 3
-- 0.00
-- HD 31 Lik
-- 3
-- AVAILABLE
-- 003329
-- Main Library Open Access Collection
995 ## -
-- MAIN LIBRARY OPEN ACCESS
-- 0.00
-- 706432
-- CBU-MAIN LIBRARY (Kitwe)
-- 2
-- 0.00
-- HD 31 Lik
-- 1
-- AVAILABLE
-- 003327
-- Main Library Open Access Collection
995 ## -
-- ANNEX COLLECTION (Main Library)
-- 0.00
-- 710168
-- CBU-MAIN LIBRARY (Kitwe)
-- 1
-- 0.00
-- HD 31 Lik
-- 4
-- AVAILABLE
-- 003330
-- Annex Low-Usage Collection
999 ## -
-- 78786
-- 78786
Holdings
Withdrawn status Lost status Source of classification or shelving scheme Damaged status Not for loan Permanent Location Current Location Shelving location Date acquired Total Checkouts Full call number Barcode Date last seen Copy number Price effective from Koha item type
          CBU-MAIN LIBRARY, KITWE. CBU-MAIN LIBRARY, KITWE.   06/06/2023   HD 31 Lik 003328 06/06/2023 1 06/06/2023 MONOGRAPH
          CBU-MAIN LIBRARY, KITWE. CBU-MAIN LIBRARY, KITWE.   06/06/2023   HD 31 Lik 003329 06/06/2023 2 06/06/2023 MONOGRAPH
          CBU-MAIN LIBRARY, KITWE. CBU-MAIN LIBRARY, KITWE.   06/06/2023   HD 31 Lik 003327 06/06/2023 3 06/06/2023 MONOGRAPH
          CBU-MAIN LIBRARY, KITWE. CBU-MAIN LIBRARY, KITWE.   06/06/2023   HD 31 Lik 003330 06/06/2023 4 06/06/2023 MONOGRAPH